000 01055nam a22002537a 4500
005 20170124103145.0
010 _aA-614319
020 _c9.00
_a8172360053
035 _aA-614319
037 _bCen Lib/Ret
040 _aDPL
_bHN
082 _a616.079
_bफोंडके
100 _aफोंडके, बाल
_985794
245 _aशारीर-एक समरभूमि /
_cबाल फोंडके
246 _aSharir-ek samarbhumi /
_bby Bal Fondek
260 _aनई दिल्ली
_bप्रकाशन एवं सूचना निदेशालय
_c1991
270 _aके. एस. क्रिष्णन मार्ग
_bनई दिल्ली
_e110012
300 _a78पृ. :
_c21सेमी(सजिल्द)
_bसचित्र
650 _aसेना का संगठन
_942569
650 _aयुद्ध विराम
_985795
650 _aMilitary organization
_985796
650 _aCeasefire
_985797
942 _2ddc
_cHN
_h616.079
_mफोंडके
999 _c119604
_d119604